| 000 | 00637nam a2200241Ia 4500 | ||
|---|---|---|---|
| 003 | GCL | ||
| 008 | 140319s9999 xx 000 0 eng d | ||
| 040 |
_aGCL / _cGCL |
||
| 082 | 0 | 4 |
_a150 _bA I |
| 100 | 1 | _aATKINSON, RITA L. | |
| 245 | 1 | 0 |
_aINTRODUCTION TO PSYCHOLOGY / _cATKINSON, RITA L. |
| 700 | 1 | _aATKINSON, RICHARD C. | |
| 700 | 1 | _aSMITH, EDWARD E. | |
| 700 | 1 | _aHILGARD, ERNEST R | |
| 700 | 1 | _aBRELAND, NANCY S | |
| 260 |
_a[S.N] : _bHARCOURT BRACE JOVANOVICH, ، _c1987 |
||
| 300 | _aU.S.A | ||
| 650 | 0 | 4 | _aBEHAVIOUR |
| 650 | 0 | 4 | _aPSYCHOLOGICAL TESTS |
| 650 | 0 | 4 | _aCOGNITIVE |
| 650 | 0 | 4 | _aPUMANISTIC |
| 942 |
_2ddc _cBK |
||
| 999 |
_c14808 _d14808 |
||